[Event "Stay Safe Play From Home 241"]
[Site "Emanuel Lasker Arena"]
[Date "2020.06.21"]
[Round "7"]
[White "Don59as"]
[Black "Konmos"]
[Result "0-1"]
[WhiteElo "2046"]
[BlackElo "1694"]
[Annotator "NA"]
[PlyCount "56"]
[EventDate "2020.06.21"]
[EventType "swiss (blitz)"]

1. c4 {[%emt 0:00:02]} d5 {[%emt 0:00:01]} 2. cxd5 {[%emt 0:00:01]} Qxd5 {[%emt 0:00:00]} 3. Nc3 {[%emt 0:00:00]} Qa5 {[%emt 0:00:00]} 4. g3 {[%emt 0:00:00]} c6 {[%emt 0:00:00]} 5. Bg2 {[%emt 0:00:00]} h5 {[%emt 0:00:00]} 6. Nf3 {[%emt 0:00:00]} Bg4 {[%emt 0:00:00]} 7. h4 {[%emt 0:00:01]} Bxf3 {[%emt 0:00:00]} 8. Bxf3 {[%emt 0:00:00]} g5 {[%emt 0:00:01]} 9. hxg5 {[%emt 0:00:01]} Qxg5 {[%emt 0:00:00]} 10. d4 {[%emt 0:00:00]} Qg6 {[%emt 0:00:00]} 11. d5 {[%emt 0:00:01]} c5 {[%emt 0:00:03]} 12. Qa4+ {[%emt 0:00:03]} Nd7 {[%emt 0:00:01]} 13. Bf4 {[%emt 0:00:05]} Bh6 {[%emt 0:00:04]} 14. Bxh6 {[%emt 0:00:04]} Rxh6 {[%emt 0:00:02]} 15. Nb5 {[%emt 0:00:00]} Kf8 {[%emt 0:00:04]} 16. Nc7 {[%emt 0:00:02]} Rd8 {[%emt 0:00:01]} 17. Qxa7 {[%emt 0:00:05]} h4 {[%emt 0:00:06]} 18. Qxb7 {[%emt 0:00:02]} hxg3 {[%emt 0:00:03]} 19. Rxh6 {[%emt 0:00:01]} Qxh6 {[%emt 0:00:01]} 20. fxg3 {[%emt 0:00:01]} Qe3 {[%emt 0:00:06]} 21. Rd1 {[%emt 0:00:03]} Ne5 {[%emt 0:00:05]} 22. d6 {[%emt 0:00:03]} Qg1+ {[%emt 0:00:05]} 23. Kd2 {[%emt 0:00:01]} Rxd6+ {[%emt 0:00:01]} 24. Kc3 {[%emt 0:00:01]} Qxd1 {[%emt 0:00:01]} 25. Qc8+ {[%emt 0:00:02]} Rd8 {[%emt 0:00:01]} 26. Qf5 {[%emt 0:00:01]} Qc1+ {[%emt 0:00:06]} 27. Kb3 {[%emt 0:00:01]} Qc4+ {[%emt 0:00:01]} 28. Ka3 {[%emt 0:00:02]} Qb4# {[%emt 0:00:01] (Lag: Av=0.88s, max=1.1s)} 0-1

[Event "Stay Safe Play From Home 241"]
[Site "Emanuel Lasker Arena"]
[Date "2020.06.21"]
[Round "7"]
[White "Trotsky"]
[Black "Broken sword"]
[Result "0-1"]
[WhiteElo "1567"]
[BlackElo "2378"]
[Annotator "TA"]
[PlyCount "62"]
[EventDate "2020.06.21"]
[EventType "swiss (blitz)"]

{[%evp 9,62,-22,-22,-17,-16,-21,-16,-285,-17,-45,0,0,0,-7,-6,-80,-81,-120,-85,-134,-133,-256,-254,-429,-408,-639,-240,-370,-358,-335,31,-606,-595,-809,-787,-770,-718,-683,-688,-729,-702,-722,-665,-680,-595,-904,-881,-1843,-1128,-3140,-3168,-29974,-970,-970,-591]} 1. d4 d5 2. e3 c6 3. c4 Nf6 4. Nc3 Bf5 5. c5 Nbd7 6. Bd3 {D10: Slav Defence: 3 cxd5 (without early Nf3) and 3 Nc3.} Bxd3 7. Qxd3 e5 {[#]} 8. Nf3 $146 {[%mdl 8192] [#]} (8. Nge2 $11 {and White stays safe.}) ({Predecessor:} 8. f3 Be7 9. Nge2 Qc7 10. Ng3 g6 11. a4 O-O 12. b4 a6 13. Bb2 Rfe8 14. a5 exd4 15. Qxd4 {0-1 (21) Miljkovic,V (1781)-Bacsa,Z (1723) Stari Zednik 2017}) 8... g6 $2 ({Black should try} 8... e4 $19 9. Qe2 exf3 10. gxf3 Be7) 9. Qc2 exd4 10. exd4 Bg7 11. Be3 O-O 12. O-O-O (12. O-O $11) 12... Re8 $17 13. h4 h5 14. Ng5 b6 {[%cal Bb7b6,Bb6c5][%mdl 32]} 15. g4 (15. cxb6 $17 axb6 16. Rh3) 15... Nxg4 $19 ({But not} 15... hxg4 16. h5 $17) 16. Bf4 $2 (16. cxb6 {was worth a try.} axb6 17. Kb1) 16... bxc5 17. Rdg1 (17. dxc5 $142 Nxc5 18. Rhf1) 17... Ndf6 $2 (17... cxd4 18. Nd1 Qf6) 18. Be5 (18. f3 {might work better.} cxd4 19. Nd1) 18... Nxe5 19. dxe5 Rxe5 $2 ({Better is} 19... Ng4 $19 20. f4 Rb8) 20. f4 $2 {[%mdl 8192]} (20. Nxf7 $14 Kxf7 21. Qxg6+ Ke7 22. f4) 20... Rf5 21. Nf3 Ng4 22. Ne5 Bxe5 23. fxe5 Rxe5 24. Rg3 Qe7 {[#] White must now prevent ...Re1+.} 25. Rhg1 f5 26. Nd1 Qxh4 27. Nf2 Rae8 28. Nxg4 hxg4 ({Inferior is} 28... fxg4 29. Qxg6+ Kh8 30. Qh6+ Kg8 31. Qg6+ Kh8 32. Qh6+ Kg8 33. Qg6+ $11) 29. R3g2 Re1+ 30. Rxe1 Qxe1+ (30... Rxe1+ $142 31. Kd2 Rh1 32. Re2 Qg5+ 33. Re3 Rh2+ {[%mdl 64] Skewer} 34. Kd3 c4+ 35. Kd4 Rxc2 36. Re8+ Kf7 37. Rc8 Qe7 38. Rc7 Qxc7 39. Kc5 g3 40. Kb4 Qb6+ 41. Ka4 Qb5+ 42. Ka3 Qa5#) 31. Qd1 Qxd1+ {Accuracy: White = 13%, Black = 42%.} 0-1

[Event "Stay Safe Play From Home 241"]
[Site "Emanuel Lasker Arena"]
[Date "2020.06.21"]
[Round "7"]
[White "Pedrorojas"]
[Black "Mandy"]
[Result "1-0"]
[WhiteElo "1442"]
[BlackElo "1004"]
[Annotator "NA"]
[PlyCount "25"]
[EventDate "2020.06.21"]
[EventType "swiss (blitz)"]

1. d4 {[%emt 0:00:03]} d5 {[%emt 0:00:02]} 2. Bf4 {[%emt 0:00:00]} Nf6 {[%emt 0:00:03]} 3. e3 {[%emt 0:00:00]} g6 {[%emt 0:00:01]} 4. c3 {[%emt 0:00:00]} Bg7 {[%emt 0:00:01]} 5. Be2 {[%emt 0:00:01]} O-O {[%emt 0:00:01]} 6. h4 {[%emt 0:00:01]} Bf5 {[%emt 0:00:03]} 7. h5 {[%emt 0:00:01]} Bxb1 {[%emt 0:00:03]} 8. Rxb1 {[%emt 0:00:02]} gxh5 {[%emt 0:00:03]} 9. Bxh5 {[%emt 0:00:00]} Nxh5 {[%emt 0:00:01]} 10. Qxh5 {[%emt 0:00:02]} h6 {[%emt 0:00:13]} 11. Bxh6 {[%emt 0:00:03]} Qd7 {[%emt 0:00:09]} 12. Bxg7 {[%emt 0:00:03]} Re8 {[%emt 0:00:03]} 13. Qh8# {[%emt 0:00:02] (Lag: Av=0.97s, max=1.4s)} 1-0

[Event "Stay Safe Play From Home 241"]
[Site "Emanuel Lasker Arena"]
[Date "2020.06.21"]
[Round "8"]
[White "Mepe_Nika"]
[Black "Pedrorojas"]
[Result "1-0"]
[WhiteElo "2383"]
[BlackElo "1448"]
[Annotator "TA"]
[PlyCount "49"]
[EventDate "2020.06.21"]
[EventType "swiss (blitz)"]

{[%evp 9,49,0,7,7,68,68,79,98,407,297,305,303,299,54,302,297,327,174,284,252,251,248,241,198,197,197,189,182,183,185,187,167,213,208,375,371,412,424,470,464,1916,946]} 1. d4 c6 2. Bf4 d5 3. e3 Qb6 4. Nd2 Bf5 {[#]} 5. Bd3 $146 ({Predecessor:} 5. Qc1 Nd7 6. c4 e6 7. c5 Qd8 8. b4 Ne7 9. Qc3 h6 10. b5 Ng6 11. Bg3 Be7 12. bxc6 bxc6 {1-0 (36) Celan,M (1429)-Tittarelli,A (1043) LSS email 2013}) 5... Bxd3 6. cxd3 {D00: 1 d4 d5: Unusual lines.} Qxb2 (6... e6 $11) 7. Rb1 $14 Qxa2 8. Rxb7 {White is better.} e6 $2 {[%mdl 8192] [#]} (8... Nd7 $16 {is a better chance.}) 9. Rxb8+ Rxb8 10. Bxb8 Bb4 11. Ne2 $2 (11. Ke2 $18) 11... Nf6 $2 (11... Bxd2+ $1 $14 12. Qxd2 Qb1+ 13. Qc1 Qb4+ 14. Qc3 Qb1+ 15. Kd2 Qxb8) 12. Nc1 $18 Qb2 {...Bxd2+ would now be nice for Black.} 13. Be5 (13. Bxa7 $142 {Black must now prevent Bc5.} Nd7 14. Bc5) 13... Nd7 (13... a5 $142 14. Ne2 Nd7) 14. Ncb3 ({Don't take} 14. Bxg7 $6 Rg8 $18) 14... Nxe5 15. dxe5 O-O 16. O-O a5 {intending ...a4.} 17. Qa1 Qc2 18. Qb1 Qxb1 19. Nxb1 ({Worse is} 19. Rxb1 a4 $11) 19... a4 20. Nd4 c5 21. Nc2 a3 $2 (21... Rb8 22. Rc1 Kf8) 22. Nbxa3 Bxa3 23. Nxa3 Rb8 24. Rb1 {[%cal Rb1b8] [#]} g6 (24... Ra8 $142 25. Nc2 g5) 25. Rxb8+ {Black did not feel at home in the position after the opening. Accuracy: White = 59%, Black = 24%.} 1-0

[Event "Stay Safe Play From Home 241"]
[Site "Emanuel Lasker Arena"]
[Date "2020.06.21"]
[Round "8"]
[White "Haris kollari 13"]
[Black "Trotsky"]
[Result "1-0"]
[WhiteElo "1733"]
[BlackElo "1566"]
[Annotator "NA"]
[PlyCount "65"]
[EventDate "2020.06.21"]
[EventType "swiss (blitz)"]

1. e4 {[%emt 0:00:01]} c5 {[%emt 0:00:01]} 2. f4 {[%emt 0:00:00]} e6 {[%emt 0:00:00]} 3. Nf3 {[%emt 0:00:00]} d5 {[%emt 0:00:01]} 4. e5 {[%emt 0:00:01]} Nc6 {[%emt 0:00:02]} 5. c3 {[%emt 0:00:00]} Qc7 {[%emt 0:00:01]} 6. d4 {[%emt 0:00:01]} Bd7 {[%emt 0:00:01]} 7. Be3 {[%emt 0:00:01]} c4 {[%emt 0:00:02]} 8. Be2 {[%emt 0:00:01]} O-O-O {[%emt 0:00:01]} 9. O-O {[%emt 0:00:00]} f6 {[%emt 0:00:03]} 10. b3 {[%emt 0:00:01]} fxe5 {[%emt 0:00:02]} 11. fxe5 {[%emt 0:00:01]} h5 {[%emt 0:00:02]} 12. bxc4 {[%emt 0:00:01]} Nh6 {[%emt 0:00:01]} 13. cxd5 {[%emt 0:00:01]} exd5 {[%emt 0:00:01]} 14. Nbd2 {[%emt 0:00:03]} g6 {[%emt 0:00:04]} 15. Bg5 {[%emt 0:00:01]} Be7 {[%emt 0:00:01]} 16. h3 {[%emt 0:00:02]} Ng4 {[%emt 0:00:02]} 17. Bxe7 {[%emt 0:00:03]} Nxe7 {[%emt 0:00:02]} 18. hxg4 {[%emt 0:00:02]} hxg4 {[%emt 0:00:01]} 19. Ng5 {[%emt 0:00:01]} Nf5 {[%emt 0:00:02]} 20. Rf4 {[%emt 0:00:03]} Ng3 {[%emt 0:00:02]} 21. Bxg4 {[%emt 0:00:03]} Rh1+ {[%emt 0:00:03]} 22. Kf2 {[%emt 0:00:01]} Rxd1 {[%emt 0:00:09]} 23. Rxd1 {[%emt 0:00:01]} Ne4+ {[%emt 0:00:01]} 24. Ndxe4 {[%emt 0:00:01]} dxe4 {[%emt 0:00:01]} 25. e6 {[%emt 0:00:02]} Qxc3 {[%emt 0:00:04]} 26. exd7+ {[%emt 0:00:02]} Kb8 {[%emt 0:00:02]} 27. Nxe4 {[%emt 0:00:01]} Qc2+ {[%emt 0:00:01]} 28. Rd2 {[%emt 0:00:01]} Qc1 {[%emt 0:00:02]} 29. Nf6 {[%emt 0:00:02]} Rh8 {[%emt 0:00:01]} 30. Re2 {[%emt 0:00:01]} Rh1 {[%emt 0:00:02]} 31. Re8+ {[%emt 0:00:02]} Kc7 {[%emt 0:00:01]} 32. d8=Q+ {[%emt 0:00:00]} Kc6 {[%emt 0:00:02]} 33. Re6+ {[%emt 0:00:01] Âðåìÿ . (Lag: Av=0.29s, max=0.3s)} 1-0

[Event "Stay Safe Play From Home 241"]
[Site "Emanuel Lasker Arena"]
[Date "2020.06.21"]
[Round "8"]
[White "Konmos"]
[Black "Little champs"]
[Result "0-1"]
[WhiteElo "1724"]
[BlackElo "2221"]
[PlyCount "72"]
[EventDate "2020.06.21"]
[EventType "swiss (blitz)"]

1. e4 {[%emt 0:00:01]} c6 {[%emt 0:00:01]} 2. d4 {[%emt 0:00:01]} d5 {[%emt 0:00:00]} 3. Nc3 {[%emt 0:00:00]} dxe4 {[%emt 0:00:00]} 4. Nxe4 {[%emt 0:00:00]} Bf5 {[%emt 0:00:00]} 5. Ng3 {[%emt 0:00:01]} Bg6 {[%emt 0:00:00]} 6. h4 {[%emt 0:00:00]} Nf6 {[%emt 0:00:00]} 7. Nf3 {[%emt 0:00:00]} h6 {[%emt 0:00:01]} 8. h5 {[%emt 0:00:01]} Bh7 {[%emt 0:00:01]} 9. Ne5 {[%emt 0:00:01]} Bd3 {[%emt 0:00:00]} 10. Bxd3 {[%emt 0:00:01]} e6 {[%emt 0:00:00]} 11. Bc4 {[%emt 0:00:02]} Bb4+ {[%emt 0:00:01]} 12. c3 {[%emt 0:00:01]} Bd6 {[%emt 0:00:00]} 13. Qe2 {[%emt 0:00:01]} O-O {[%emt 0:00:01]} 14. O-O {[%emt 0:00:03]} Nbd7 {[%emt 0:00:01]} 15. f4 {[%emt 0:00:02]} Nb6 {[%emt 0:00:01]} 16. Bb3 {[%emt 0:00:02]} c5 {[%emt 0:00:01]} 17. Bc2 {[%emt 0:00:02]} Rc8 {[%emt 0:00:02]} 18. Qd3 {[%emt 0:00:01]} cxd4 {[%emt 0:00:01]} 19. cxd4 {[%emt 0:00:01]} Qc7 {[%emt 0:00:01]} 20. Ne4 {[%emt 0:00:04]} Nbd5 {[%emt 0:00:16]} 21. Nxd6 {[%emt 0:00:03]} Qxd6 {[%emt 0:00:02]} 22. Bd2 {[%emt 0:00:02]} a5 {[%emt 0:00:01]} 23. a3 {[%emt 0:00:02]} a4 {[%emt 0:00:01]} 24. f5 {[%emt 0:00:04]} exf5 {[%emt 0:00:01]} 25. Qxf5 {[%emt 0:00:03]} Rfe8 {[%emt 0:00:01]} 26. Rae1 {[%emt 0:00:08]} Ne7 {[%emt 0:00:01]} 27. Qf4 {[%emt 0:00:04]} Ned5 {[%emt 0:00:02]} 28. Qg3 {[%emt 0:00:02]} Rxc2 {[%emt 0:00:01]} 29. Bxh6 {[%emt 0:00:00]} Nxh5 {[%emt 0:00:02]} 30. Nxf7 {[%emt 0:00:04]} Nxg3 {[%emt 0:00:03]} 31. Nxd6 {[%emt 0:00:01]} Rxe1 {[%emt 0:00:02]} 32. Rxe1 {[%emt 0:00:00]} Ne2+ {[%emt 0:00:00]} 33. Kf2 {[%emt 0:00:01]} Nxd4+ {[%emt 0:00:03]} 34. Kg3 {[%emt 0:00:01]} Ne2+ {[%emt 0:00:02]} 35. Kh2 {[%emt 0:00:01]} gxh6 {[%emt 0:00:01]} 36. Rxe2 {[%emt 0:00:01]} Rxe2 {[%emt 0:00:01] Zeit (Lag: Av=0.66s, max=1.0s)} 0-1

[Event "Stay Safe Play From Home 241"]
[Site "Emanuel Lasker Arena"]
[Date "2020.06.21"]
[Round "8"]
[White "W Nelles"]
[Black "Broken sword"]
[Result "0-1"]
[WhiteElo "1120"]
[BlackElo "2378"]
[Annotator "TA"]
[PlyCount "74"]
[EventDate "2020.06.21"]
[EventType "swiss (blitz)"]

{[%evp 9,74,29,16,28,42,47,85,85,83,61,132,123,106,15,24,19,23,18,18,-19,-15,-21,-10,-15,-23,-30,-30,-120,-106,-103,-106,-164,-162,-535,-546,-544,-508,-494,-382,-372,-377,-349,-368,-369,-375,-382,-369,-377,-359,-458,-425,-549,-547,-500,-442,-416,-406,-651,-645,-643,-653,-889,-874,-1515,-1572,-1412,-1294]} 1. e4 c5 2. Nf3 e6 3. Bd3 a6 4. O-O b5 {[#]} 5. c4 $146 ({Predecessor:} 5. b3 Bb7 6. Nc3 Nc6 7. e5 d5 8. exd6 Bxd6 9. Ne4 Be7 10. Bb2 Nf6 11. Ne5 Nxe5 12. Bxe5 Nxe4 {0-1 (20) Becker,S (734)-Appel,W (1641) Schweich 2010}) 5... bxc4 6. Bxc4 {B40: Sicilian: 2...e6, Unusual lines.} Nc6 7. Nc3 d6 8. d4 {White is better.} cxd4 9. Nxd4 Bd7 ({Black should play} 9... Nxd4 $14 10. Qxd4 Nf6) 10. Nxc6 $16 Bxc6 11. f3 (11. Qe2 $16) 11... Nf6 12. Kh1 Be7 13. Bf4 O-O 14. e5 {[%cal Re5d6]} dxe5 15. Qxd8 Rfxd8 16. Bxe5 Nd7 17. Bg3 Bf6 18. Ne4 {Black continues to play with concentration.} (18. Rfd1 $11 {remains equal.}) 18... Bxb2 {[#] aiming for ...Bxe4.} 19. Rab1 Be5 20. Bxe5 (20. Rfe1 $17 {might work better.}) 20... Nxe5 $19 21. Nc5 $2 (21. Rfc1 {is tougher.}) 21... Nxc4 22. Rfc1 Nd2 23. Rb2 Nxf3 24. gxf3 Bxf3+ 25. Kg1 g6 26. Kf2 Bd5 27. Ke3 a5 28. Nd3 Rac8 29. Rxc8 Rxc8 {[%mdl 4096] Endgame KRB-KRN} 30. Ne5 Rc3+ 31. Kd4 Rc1 32. Nd7 Kg7 33. Ke5 (33. Nb6 $142) 33... Re1+ {Black is clearly winning.} 34. Kd6 Ra1 35. Ke7 Rxa2 36. Rxa2 Bxa2 37. Nc5 {[#]} a4 $1 {Accuracy: White = 47%, Black = 87%.} 0-1

[Event "Stay Safe Play From Home 241"]
[Site "Emanuel Lasker Arena"]
[Date "2020.06.21"]
[Round "8"]
[White "Mandy"]
[Black "SoulofWolf"]
[Result "0-1"]
[WhiteElo "1001"]
[BlackElo "2103"]
[PlyCount "32"]
[EventDate "2020.06.21"]
[EventType "swiss (blitz)"]

1. d4 {[%emt 0:00:02]} d5 {[%emt 0:00:00]} 2. Bf4 {[%emt 0:00:02]} Nf6 {[%emt 0:00:00]} 3. e3 {[%emt 0:00:01]} Bf5 {[%emt 0:00:01]} 4. Nf3 {[%emt 0:00:01]} e6 {[%emt 0:00:01]} 5. h3 {[%emt 0:00:00]} Nbd7 {[%emt 0:00:01]} 6. c3 {[%emt 0:00:01]} c5 {[%emt 0:00:01]} 7. Nbd2 {[%emt 0:00:01]} Qb6 {[%emt 0:00:01]} 8. b3 {[%emt 0:00:10]} a5 {[%emt 0:00:01]} 9. Qe2 {[%emt 0:00:07]} h5 {[%emt 0:00:01]} 10. g4 {[%emt 0:00:03]} hxg4 {[%emt 0:00:01]} 11. hxg4 {[%emt 0:00:03]} Rxh1 {[%emt 0:00:01]} 12. Nh2 {[%emt 0:00:08]} Bh7 {[%emt 0:00:06]} 13. f3 {[%emt 0:00:10]} Bd6 {[%emt 0:00:04]} 14. O-O-O {[%emt 0:00:02]} Rc8 {[%emt 0:00:03]} 15. Bg2 {[%emt 0:00:04]} Rxd1+ {[%emt 0:00:02]} 16. Kxd1 {[%emt 0:00:02]} cxd4 {[%emt 0:00:01] Zeit (Lag: Av=0.42s, max=1.1s)} 0-1

[Event "Stay Safe Play From Home 241"]
[Site "Emanuel Lasker Arena"]
[Date "2020.06.21"]
[Round "9"]
[White "Broken sword"]
[Black "Mepe_Nika"]
[Result "0-1"]
[WhiteElo "2378"]
[BlackElo "2383"]
[Annotator "TA"]
[PlyCount "70"]
[EventDate "2020.06.21"]
[EventType "swiss (blitz)"]

{[%evp 9,70,19,31,9,22,17,21,16,33,7,20,7,11,13,4,0,12,0,0,-10,-13,-103,-23,-52,-19,-52,0,-89,-31,-33,-28,-76,-21,-103,-102,-89,0,-92,-90,-99,-89,-173,-147,-264,-260,-249,-220,-297,-282,-29987,-29988,-29988,-583,-543,-572,-808,-808,-793,-770,-818,-806,-801,-765]} 1. d4 g6 2. Nf3 Bg7 3. c3 c5 4. Bf4 cxd4 5. cxd4 Nf6 6. e3 {A40: Unusual replies to 1 d4.} O-O 7. Nc3 Qb6 8. Qd2 {The position is equal.} d6 9. h3 Nc6 10. Be2 Re8 {[#]} 11. O-O $146 ({Predecessor:} 11. d5 e5 12. Bg5 Nb4 13. e4 Na6 14. O-O Nc5 15. Qc2 Bd7 16. Nd2 Rac8 17. Nc4 {1-0 (41) Zatko,G (2124)-Szegi,T (2186) Slovakia 2014}) 11... e5 12. dxe5 dxe5 13. Bg3 Bf5 14. Na4 Qc7 15. Rfc1 (15. Nc3 $11) 15... Rad8 (15... Ne4 $1 $17 {[%cal Re4d2]} 16. Qe1 Nxg3 17. fxg3 e4) 16. Qe1 $11 Ne4 17. Bh2 a6 {[#]} (17... Qe7 $15) 18. Nc5 (18. Nd4 $1 $11 {[%mdl 512]}) 18... Qb6 (18... Nxc5 $17 19. Rxc5 Qe7) 19. Nxe4 $15 Bxe4 20. b3 Nb4 ({Black should try} 20... Bf5 $17) 21. Qf1 (21. Rc4 $11 {keeps the balance.} Nc2 22. Qc1 Bxf3 23. Qxc2) 21... Nc2 $36 {[%mdl 2048] Keeping White busy.} 22. Rab1 Nb4 23. Ra1 Bd3 24. Bxd3 Nxd3 ({Worse is} 24... Rxd3 25. a3 $16) 25. Rd1 (25. Rc2 $17) 25... e4 $19 26. Nd4 (26. Rab1 $17) 26... Bxd4 27. exd4 Qxd4 {aiming for ...e3.} 28. Qe2 e3 {[%cal Re3f2]} 29. fxe3 $2 (29. f3 $19) 29... Rxe3 30. Rxd3 Qxd3 (30... Rxd3+ $142 31. Kh1 Qxa1+ 32. Bg1 {[#]} Rd1 $1 {[%mdl 512]} 33. Qe3 Re1 $1 {[%mdl 512]} 34. Qf2 Rdd1 35. Kh2 Rxg1 36. Qe3 Rh1+ 37. Kg3 Qf6 38. Qe8+ Kg7 39. Qe3 Rdf1 40. b4 h5 41. Qd2 g5 42. Qe3 Qd6+ {[%mdl 64] Double Attack} 43. Qf4 Qxf4#) 31. Qxd3 {Black is clearly winning.} Rexd3 {KRR-KRB} 32. Bf4 Rd1+ 33. Rxd1 Rxd1+ 34. Kh2 Ra1 35. a4 Rb1 {Accuracy: White = 41%, Black = 59%.} 0-1

[Event "Stay Safe Play From Home 241"]
[Site "Emanuel Lasker Arena"]
[Date "2020.06.21"]
[Round "9"]
[White "Little champs"]
[Black "SoulofWolf"]
[Result "0-1"]
[WhiteElo "2223"]
[BlackElo "2103"]
[PlyCount "150"]
[EventDate "2020.06.21"]
[EventType "swiss (blitz)"]

1. d4 {[%emt 0:00:01]} d5 {[%emt 0:00:00]} 2. e3 {[%emt 0:00:00]} e6 {[%emt 0:00:01]} 3. Nf3 {[%emt 0:00:00]} Nd7 {[%emt 0:00:00]} 4. Be2 {[%emt 0:00:00]} Bd6 {[%emt 0:00:00]} 5. O-O {[%emt 0:00:00]} Ne7 {[%emt 0:00:00]} 6. c4 {[%emt 0:00:00]} O-O {[%emt 0:00:00]} 7. Nc3 {[%emt 0:00:00]} c6 {[%emt 0:00:01]} 8. e4 {[%emt 0:00:00]} f6 {[%emt 0:00:01]} 9. cxd5 {[%emt 0:00:01]} exd5 {[%emt 0:00:01]} 10. Bd3 {[%emt 0:00:00]} dxe4 {[%emt 0:00:01]} 11. Nxe4 {[%emt 0:00:01]} Bc7 {[%emt 0:00:01]} 12. Qc2 {[%emt 0:00:00]} Kh8 {[%emt 0:00:01]} 13. Nc3 {[%emt 0:00:01]} g6 {[%emt 0:00:01]} 14. b3 {[%emt 0:00:01]} b5 {[%emt 0:00:01]} 15. Bb2 {[%emt 0:00:02]} a5 {[%emt 0:00:01]} 16. Rac1 {[%emt 0:00:01]} Ba6 {[%emt 0:00:01]} 17. Nxb5 {[%emt 0:00:02]} Bb8 {[%emt 0:00:05]} 18. Nc3 {[%emt 0:00:01]} Bxd3 {[%emt 0:00:02]} 19. Qxd3 {[%emt 0:00:00]} Nb6 {[%emt 0:00:00]} 20. g3 {[%emt 0:00:01]} Ned5 {[%emt 0:00:00]} 21. Ne4 {[%emt 0:00:01]} Qd7 {[%emt 0:00:02]} 22. Rfe1 {[%emt 0:00:02]} Ba7 {[%emt 0:00:02]} 23. Ba3 {[%emt 0:00:01]} Rfe8 {[%emt 0:00:01]} 24. Nc5 {[%emt 0:00:01]} Qf7 {[%emt 0:00:02]} 25. Ne4 {[%emt 0:00:02]} a4 {[%emt 0:00:02]} 26. Bc5 {[%emt 0:00:01]} Qg7 {[%emt 0:00:05]} 27. Kg2 {[%emt 0:00:02]} Rad8 {[%emt 0:00:02]} 28. b4 {[%emt 0:00:01]} f5 {[%emt 0:00:01]} 29. Nd6 {[%emt 0:00:01]} Rxe1 {[%emt 0:00:01]} 30. Rxe1 {[%emt 0:00:01]} Bb8 {[%emt 0:00:03]} 31. Nc4 {[%emt 0:00:02]} Nd7 {[%emt 0:00:01]} 32. Nce5 {[%emt 0:00:02]} N7f6 {[%emt 0:00:01]} 33. Qd2 {[%emt 0:00:04]} Ne4 {[%emt 0:00:00]} 34. Qd3 {[%emt 0:00:01]} Rc8 {[%emt 0:00:01]} 35. Rxe4 {[%emt 0:00:01]} fxe4 {[%emt 0:00:01]} 36. Qxe4 {[%emt 0:00:00]} Nf6 {[%emt 0:00:01]} 37. Qh4 {[%emt 0:00:02]} Re8 {[%emt 0:00:02]} 38. Ng5 {[%emt 0:00:01]} Bxe5 {[%emt 0:00:01]} 39. dxe5 {[%emt 0:00:01]} Rxe5 {[%emt 0:00:00]} 40. Bd4 {[%emt 0:00:00]} Rf5 {[%emt 0:00:01]} 41. Ne4 {[%emt 0:00:03]} g5 {[%emt 0:00:03]} 42. Bxf6 {[%emt 0:00:01]} gxh4 {[%emt 0:00:01]} 43. Bxg7+ {[%emt 0:00:01]} Kxg7 {[%emt 0:00:00]} 44. gxh4 {[%emt 0:00:01]} Rb5 {[%emt 0:00:00]} 45. a3 {[%emt 0:00:01]} Re5 {[%emt 0:00:00]} 46. Kf3 {[%emt 0:00:01]} Rf5+ {[%emt 0:00:01]} 47. Ke3 {[%emt 0:00:01]} Rd5 {[%emt 0:00:00]} 48. Nc3 {[%emt 0:00:01]} Rd8 {[%emt 0:00:00]} 49. Nxa4 {[%emt 0:00:01]} Rf8 {[%emt 0:00:00]} 50. Kd4 {[%emt 0:00:01]} Ra8 {[%emt 0:00:00]} 51. Nc5 {[%emt 0:00:01]} Rxa3 {[%emt 0:00:01]} 52. Ke5 {[%emt 0:00:00]} Ra1 {[%emt 0:00:00]} 53. Kd6 {[%emt 0:00:00]} Re1 {[%emt 0:00:00]} 54. Kxc6 {[%emt 0:00:00]} Re3 {[%emt 0:00:00]} 55. b5 {[%emt 0:00:00]} Re2 {[%emt 0:00:00]} 56. b6 {[%emt 0:00:00]} Rb2 {[%emt 0:00:01]} 57. b7 {[%emt 0:00:00]} Kg6 {[%emt 0:00:00]} 58. Kc7 {[%emt 0:00:00]} Rxb7+ {[%emt 0:00:01]} 59. Kxb7 {[%emt 0:00:01]} Kh5 {[%emt 0:00:00]} 60. Kc6 {[%emt 0:00:00]} Kxh4 {[%emt 0:00:00]} 61. Kd5 {[%emt 0:00:00]} Kh3 {[%emt 0:00:00]} 62. Ke4 {[%emt 0:00:00]} Kxh2 {[%emt 0:00:00]} 63. f4 {[%emt 0:00:00]} h5 {[%emt 0:00:00]} 64. f5 {[%emt 0:00:00]} h4 {[%emt 0:00:00]} 65. f6 {[%emt 0:00:00]} Kg2 {[%emt 0:00:00]} 66. f7 {[%emt 0:00:00]} h3 {[%emt 0:00:00]} 67. f8=Q {[%emt 0:00:00]} h2 {[%emt 0:00:00]} 68. Qg7+ {[%emt 0:00:00]} Kh1 {[%emt 0:00:01]} 69. Qh6 {[%emt 0:00:01]} Kg1 {[%emt 0:00:00]} 70. Qg5+ {[%emt 0:00:00]} Kh1 {[%emt 0:00:00]} 71. Qh4 {[%emt 0:00:01]} Kg1 {[%emt 0:00:00]} 72. Qg3+ {[%emt 0:00:01]} Kh1 {[%emt 0:00:00]} 73. Qf3+ {[%emt 0:00:00]} Kg1 {[%emt 0:00:00]} 74. Nd3 {[%emt 0:00:01]} h1=Q {[%emt 0:00:00]} 75. Nf2 {[%emt 0:00:02]} Qg2 {[%emt 0:00:00] Time (Lag: Av=0.50s, max=1.0s)} 0-1